000 00559nam a2200181Ia 4500
003 OSt
005 20240322145649.0
008 210210b1960 xxu||||| |||| 00| 0 eng d
040 _cAL
041 _akan
082 _a854/224
100 _aRANGANNA (S V)ರಂಗಣ್ಣ ಎಸ್ ವಿ
_9146658
245 _aVikramorvashiya natakada vimarshe:
_bವಿಕ್ರಮೋರ್ವಶೀಯ ನಾಟಕದ ವಿಮರ್ಶೆ
260 _aMaisuru
_bSharada Mandira
_c1960
690 _aKannada Criticism
_9146659
906 _a020074
942 _2ddc
_cBK
999 _c144226
_d144226